• 首页
  • 本馆介绍
  • 公告通知
  • 最新文献
  • 馆藏检索
  • 电子资源
  • 读者导购
  • 参考咨询
  • 我的图书馆
  • 登录
  • 详细信息显示
  • 放入我的书架
  • 预约/预借图书
  • 作者相关作品
  • 分类相关作品
  • 丛书相关作品
  • 出版社相关作品

书目信息

  • 表格格式
  • 工作单格式
  • 卡片格式
题名:
IT项目管理
    
 
作者: 郭宁 编著
分册:  
出版信息: 北京   人民邮电出版社  2017.8
页数: 303页
开本: 26cm
丛书名:
单 册:
中图分类: F49
科图分类:
主题词: IT产业--ITchan ye--项目管理--高等学校--教材
电子资源:
ISBN: 978-7-115-45956-5
000 00934nam0 2200265 450
001 2156282116
005 20211012160414.03
010    @a978-7-115-45956-5@dCNY49.80
100    @a20210615e20212017em y0chiy50 ea
101 0  @achi
102    @aCN@b110000
105    @ay z 000yy
106    @ar
200 1  @aIT项目管理@AITxiang mu guan li@dIT project management@f郭宁编著@zeng
205    @a2版
210    @a北京@c人民邮电出版社@d2017.8@h2021.6重印
215    @a303页@d26cm
300    @a普通高等教育软件工程“十二五”规划教材
330    @a本书针对IT项目管理的特点,以IT项目为研究对象,对IT项目管理的主要内容进行了较为系统的研究,对项目的9个知识域和过程管理等环节进行了系统全面的介绍。
510 1  @aIT project management@zeng
606 0  @aIT产业@AITchan ye@x项目管理@x高等学校@j教材
690    @aF49@v5
701  0 @a郭宁@Aguo ning@c(女,@f1958-)@4编著
801  0 @aCN@b百万庄@c20211006
905    @b1305606-09@dF49@e22=2@f4
    
    IT项目管理=IT project management/郭宁编著.-2版.-北京:人民邮电出版社,2017.8(2021.6重印)
    303页;26cm
    普通高等教育软件工程“十二五”规划教材
    
    ISBN 978-7-115-45956-5:CNY49.80
    本书针对IT项目管理的特点,以IT项目为研究对象,对IT项目管理的主要内容进行了较为系统的研究,对项目的9个知识域和过程管理等环节进行了系统全面的介绍。
●
相关链接 在E读中查询图书 在五车中查询图书 在当当中查询图书 在豆瓣中查询图书


正题名:IT项目管理     索取号:F49/22=2         预约/预借

序号 登录号 条形码 馆藏地/架位号 状态 备注
1 1305606   213056066   第一样本阅览室/ [索取号:F49/22=2] 在馆    
2 1305607   213056075   第一借阅区/ [索取号:F49/22=2] 在馆    
3 1305608   213056084   第一借阅区/ [索取号:F49/22=2] 在馆    
4 1305609   213056093   第一借阅区/ [索取号:F49/22=2] 在馆    
唐山师范学院图书馆 欢迎您!
大连网信软件有限公司© 版权所有